Statistics for Fortunate Son Lyrics

Click here to take the quiz!

General Stats

  • This quiz has been taken 405 times
    (404 since last reset)
  • The average score is 15 of 21

Answer Stats

Lyric% Correct
3.And when the band plays "{Hail} to the chief",
93%
6.It ain't me, it ain't me; I ain't no {fortunate} one, no,
92%
20.It ain't {me}, it ain't {me}, I ain't no fortunate one, no no no,
89%
8.Some folks are born {silver} spoon in hand,
89%
12.It ain't me, it ain't me, I ain't no millionaire's {son}, no.
88%
13.It ain't me, it ain't me; I ain't no fortunate {one}, no.
86%
2.Ooh, they're {red}, {white} and {blue}.
85%
19.It {ain't} me, it ain't me; I ain't no fortunate one, one.
80%
5.It ain't me, it ain't me, I ain't no {senators}'s son, son.
79%
1.Some {folks} are born made to wave the flag,
77%
16.And when you ask them, "How much should we {give}?"
72%
14.Some folks inherit star {spangled} eyes,
71%
4.Ooh, they point the {cannon} at you, Lord,
66%
9.{Lord}, don't they help themselves, oh.
63%
10.But when the {taxman} comes to the door,
60%
21.It ain't me, it ain't me, I ain't no fortunate son, {no} {no} {no},
59%
11.Lord, the house looks like a rummage {sale}, yes,
59%
15.Ooh, they send you down to {war}, Lord,
58%
17.Ooh, they only {answer} More! more! more! yoh,
53%
18.It ain't me, it ain't me, I ain't no {military} son, son.
46%
7.{Yeah}!
32%

Score Distribution

Percentile by Number Answered

Percent of People with Each Score

Your Score History

You have not taken this quiz since the last reset